000 00657nam a22002177a 4500
005 20170124110030.0
010 _aA-828647
020 _c00.00
035 _aA-828647
037 _bCen Lib/Ret
040 _aDPL
_bEN
082 _a553.62
_bJAT
100 _aJatinder Mohan
_921569
245 _aFoundry moulding sands of India /
_cby Jatinder Mohan...[ et al.].
260 _aNew Delhi
_bCouncil of Scientific and Industrial Research
_c1961
300 _a180p.
_c23cm(Hb)
_bill.
650 _aEconomic geology
_921570
650 _aNatural moulding sands
_921571
700 _aJatinder Mohan
_921572
942 _2ddc
_cEN
_h553.62
_mJAT
999 _c127796
_d127796